000 00932nac a22002777a 4500
001 BR8300624
003 BR-BrBNA
005 20240105115617.0
008 230509b bl.|||m| |||| 00| 0 por d
040 _aBR-BrBNA
_bpor
_cBiblioteca Nacional de Agricultura
072 _aF30
090 _a0150 BR8300624
100 1 _aCoradin, L.
100 1 _aFonseca, J.R.
110 1 _aCentro Nacional de Recursos Geneticos, Brasilia, DF (Brasil)
_91868
245 1 _aColeta de germoplasma de arroz no estado do Maranhao [Oryza sativa, Brasil]
246 1 _a[Rice germplasm collected in the state of Maranhao [Oryza sativa, Brazil]]
260 3 _aBrasilia, DF (Brasil):
_c1982.
300 _a19 p.
490 _aDocumentos - Centro Nacional de Recursos Geneticos (Brazil)
_vno. 2
_x
650 _aARROZ
650 _aGERMOPLASMA
650 _aMARANHAO
909 _a202312
_bLúcia Elande
_c55
_dLúcia Elande
942 _2AGRIS
_n0
_cMS
999 _c275555
_d275555